| 000 | 00513ntaaa2200181 4500 | ||
|---|---|---|---|
| 003 | 01 | ||
| 005 | 20251027201513.0 | ||
| 008 | 0714s1973 ag 01 | ||
| 040 |
_aAR-BaBN _bspa _cAR-BaBN _eaacr _dRIC |
||
| 082 | _a227.5000 C11 | ||
| 100 |
_aCaballero Yoccou, Raul _9331 |
||
| 245 | _aAdmirando su persona | ||
| 250 |
_a1 ed. : _bL.E.C., _c1963 |
||
| 300 | _a217 p. | ||
| 500 | _abreve estudio devocional y práctico de la epístola de Pablo a los Efesios | ||
| 650 | _aBiblia-Nuevo Testamento-Efesios | ||
| 942 | _cBK | ||
| 999 |
_c9641 _d9641 |
||